Score 0/25 Timer 04:00
10 Plays Today
% Correct
Dungeons
96.7%
Married...
96.6%
21
96.5%
Murder,
96.4%
The
94.7%
Doogie
94.5%
Who's
93.6%
Pee-
93.3%
The
92.7%
My
91.4%
Cagney
90.3%
Highway
89.5%
Hill
87.9%
% Correct
Joanie
86.8%
Charles
86.7%
Gimme
86.6%
The
85.5%
My
84.6%
Larry
83.4%
Kate
81.5%
Press
81.4%
Life
79.6%
A
79.4%
Thundarr
78.2%
Spenser:
78.2%

You're not logged in!

Compare scores with friends on all Sporcle quizzes.
OR
Log In

Sporcle TV

Today on Sporcle TV


Watch our educational content, quiz creation guides, and fun videos on Sporcle TV.

Show Comments

Extras

Top Quizzes Today


Score Distribution

Paid Content

Your Account Isn't Verified!

In order to create a playlist on Sporcle, you need to verify the email address you used during registration. Go to your Sporcle Settings to finish the process.

Report this User

Report this user for behavior that violates our Community Guidelines.

Details: